| 000 | 01732nam a22004091i 4500 | ||
|---|---|---|---|
| 001 | ebr10767553 | ||
| 003 | CaPaEBR | ||
| 006 | m o d | ||
| 007 | cr cn||||||||| | ||
| 008 | 130801s2013 gw ob 000 0 eng d | ||
| 020 | _a9783653035292 (e-book) | ||
| 020 | _z9783631647608 | ||
| 040 |
_aCaPaEBR _beng _erda _epn _cCaPaEBR |
||
| 035 | _a(OCoLC)858861913 | ||
| 050 | 1 | 4 |
_aBX2347.8.P66 _bO38 2013eb |
| 082 | 0 | 4 |
_a261.8/325 _223 |
| 100 | 1 | _aOkuma, Peter Chidi. | |
| 245 | 1 | 0 |
_aBeyond witnessing : _ba new way of humanising the world / _cPeter Chidi Okuma. |
| 250 | _aFirst edition. | ||
| 264 | 1 |
_aFrankfurt am Main ; _aNew York : _bPeter Lang, _c2013. |
|
| 300 | _a1 online resource (90 pages) | ||
| 336 |
_atext _2rdacontent |
||
| 337 |
_acomputer _2rdamedia |
||
| 338 |
_aonline resource _2rdacarrier |
||
| 504 | _aIncludes bibliographical references. | ||
| 588 | _aDescription based on print version record. | ||
| 590 | _aElectronic reproduction. Palo Alto, Calif. : ebrary, 2013. Available via World Wide Web. Access may be limited to ebrary affiliated libraries. | ||
| 650 | 0 |
_aChristian life _xCatholic authors. |
|
| 650 | 0 |
_aChurch work with the poor _xCatholic Church. |
|
| 650 | 0 |
_aPoverty _xReligious aspects _xCatholic Church. |
|
| 650 | 0 |
_aPrayer _xCatholic Church. |
|
| 650 | 0 | _aReligion and social problems. | |
| 655 | 0 | _aElectronic books. | |
| 776 | 0 | 8 |
_iPrint version: _aOkuma, Peter Chidi. _tBeyond witnessing : a new way of humanising the world. _dFrankfurt am Main : Peter Lang, 2013 _h89 pages _z9783631647608 _w(DLC) 2013024727 |
| 797 | 2 | _aebrary. | |
| 856 | 4 | 0 |
_uhttp://site.ebrary.com/lib/rucke/Doc?id=10767553 _zAn electronic book accessible through the World Wide Web; click to view |
| 999 |
_c124940 _d124940 |
||